[Event "GER-chT U20 Girls"]
[Site "Naunhof"]
[Date "2005.12.29"]
[Round "5.4"]
[White "Kranz, Janina"]
[Black "Behm, Lisa"]
[Result "0-1"]
[WhiteElo "930"]
[BlackElo "1268"]
[PlyCount "118"]
[EventDate "2005.12.27"]
[EventType "team-swiss"]
[EventRounds "7"]
[EventCountry "GER"]
[SourceTitle "CBM 110 Extra"]
[Source "ChessBase"]
[SourceDate "2006.03.10"]
[SourceVersion "2"]
[SourceVersionDate "2006.03.10"]
[SourceQuality "1"]

1. e4 c5 2. Nf3 Nc6 3. Nc3 g6 4. d3 Bg7 5. Bd2 e6 6. Bf4 e5 7. Bg5 Qb6 8. Na4 Qb4+ 9. Nc3 Qxb2 10. Nd5 Rb8 11. Rb1 Qa3 12. Ra1 Nge7 13. Nc7+ Kf8 14. Nb5 Qa5+ 15. Nd2 Qxb5 16. c4 Qa5 17. Be2 Nd4 18. Bg4 d6 19. h3 b5 20. Rb1 Qxa2 21. 0-0 Qa3 22. Nf3 Nxf3+ 23. Bxf3 a6 24. Bc1 Qa5 25. Bd2 Qc7 26. Qe1 Nc6 27. Qe3 Nd4 28. Bd1 Qe7 29. Qg3 f5 30. f3 f4 31. Qf2 Qg5 32. Bc3 Bxh3 33. Ra1 Bc8 34. Ba5 Qe7 35. Rb1 h5 36. g3 g5 37. gxf4 gxf4 38. Qg2 Rg8 39. Qg6 Bf6 40. Qg2 Rxg2+ 41. Kxg2 Qg7+ 42. Kh1 Bh3 43. Rg1 Qh6 44. Bc7 Re8 45. Bxd6+ Kf7 46. cxb5 axb5 47. Bxc5 Rg8 48. Bb3+ Nxb3 49. Rxb3 Rxg1+ 50. Kxg1 Qg7+ 51. Kf2 Qg2+ 52. Ke1 Bh4+ 53. Kd1 Qxf3+ 54. Kc2 Bf2 55. Bd6 Qe2+ 56. Kb1 Be6 57. Rxb5 Qa2+ 58. Kc1 Be3+ 59. Kd1 Qd2# 0-1